Statistiche per Riconosci la Squadra di calcio - Quiz n°307

Clicka qui per fare il quiz!

Statistiche generali

  • Questo quiz è stato fatto 7 volte
  • Il punteggio medio è 11 su 12

Statistiche sulle risposte

IndizioRisposta% Corretto
Titoli nazionali1 campionato di Serie B
2 Scudetti Serie D
100%
Colori socialiBianco, nero
100%
SimboliLupa senese
100%
Trofei internazionali0
86%
Capienza Stadio15 373 posti
86%
Fondazione1904
86%
Trofei nazionali1 Supercoppa di Lega di Serie C
86%
Rifondazione2014
86%
Rifondazione2020
86%
Divisione nazionale 2023-2024Quinta
86%
ConfederazioneUEFA
86%
SquadraSiena
71%

Distribuzione punteggi

Percentile per numero di risposta

Percentuale di utenti per punteggio

I tuoi punteggi nel tempo

Non hai fatto questo quiz